000 00613nam a2200229Ia 4500
003 OSt
005 20220926020857.0
006 a|||||r|||| 00| 0
007 ta
008 220923b |||||||| |||| 00| 0 eng d
037 _cGeneral Book
040 _aRTL
_cRTL
_beng
041 _2eng
_aeng
082 _aB36, M2
100 _aGardiner A
_9296762
245 0 _aInfinite process
_b Background to analysis
260 _aNew York
_bSpringer Verlag
_c1982
300 _aix,306p
_ccm.
650 _aInfinite Series
942 _hB36, M2
_cGB
_2CC
999 _c635150
_d635150